[Event "Bayern-ch Seniors 21st"]
[Site "Bergen"]
[Date "2009.06.25"]
[Round "6"]
[White "Villing, Dieter"]
[Black "Lieber, Helmut"]
[Result "1-0"]
[WhiteElo "2160"]
[BlackElo "1850"]
[PlyCount "39"]
[EventDate "2009.06.20"]
[EventType "swiss"]
[EventRounds "9"]
[EventCountry "GER"]
[SourceTitle "EXT 2015"]
[Source "ChessBase"]
[SourceDate "2014.11.20"]
[SourceVersion "1"]
[SourceVersionDate "2014.11.20"]
[SourceQuality "1"]

1. e4 c5 2. Nc3 Nc6 3. Bb5 g6 4. f4 Bg7 5. Nf3 e6 6. 0-0 Nge7 7. d3 d6 8. Qe1 a6 9. Bc4 b5 10. Bb3 0-0 11. f5 exf5 12. Qh4 Ne5 13. Bg5 Re8 14. Nd5 N5c6 15. Nf6+ Bxf6 16. Bxf6 h5 17. Qg5 Kh7 18. Bxf7 Rg8 19. Bxg8+ Kxg8 20. Nh4 1-0

[Event "Bayern-ch Seniors 21st"]
[Site "Bergen"]
[Date "2009.06.24"]
[Round "5"]
[White "Hein, Manfred"]
[Black "Lieber, Helmut"]
[Result "0-1"]
[WhiteElo "1960"]
[BlackElo "1850"]
[PlyCount "130"]
[EventDate "2009.06.20"]
[EventType "swiss"]
[EventRounds "9"]
[EventCountry "GER"]
[SourceTitle "EXT 2015"]
[Source "ChessBase"]
[SourceDate "2014.11.20"]
[SourceVersion "1"]
[SourceVersionDate "2014.11.20"]
[SourceQuality "1"]

1. e4 c5 2. Nf3 Nc6 3. d4 cxd4 4. Nxd4 Nf6 5. Nc3 d6 6. Be2 e5 7. Nb3 Be6 8. 0-0 Be7 9. Bf3 0-0 10. Re1 a5 11. Nd5 a4 12. Nxe7+ Qxe7 13. Nd2 d5 14. exd5 Bxd5 15. Bxd5 Nxd5 16. c3 Rfd8 17. Qc2 Rd7 18. Nf1 b5 19. Be3 Rad8 20. Rad1 Qe6 21. Qe2 a3 22. Rb1 b4 23. c4 Nxe3 24. fxe3 axb2 25. Rxb2 Rd3 26. Rc1 Qd7 27. Rbc2 Ra8 28. Nd2 Rd8 29. Nf1 Kf8 30. Qe1 Rd1 31. Rxd1 Qxd1 32. Qxd1 Rxd1 33. Kf2 Ke7 34. Ke2 Rd8 35. Nd2 f5 36. Nb3 g6 37. g3 e4 38. c5 Ke6 39. Rc1 g5 40. h3 Ke5 41. Rc4 f4 42. gxf4+ gxf4 43. exf4+ Kxf4 44. Rc1 Rd3 45. Rh1 h5 46. h4 Rg3 47. Rf1+ Rf3 48. Rg1 Rg3 49. Rxg3 Kxg3 50. Ke3 Kxh4 51. Nd2 Kg4 52. Kxe4 h4 53. Nf3 h3 54. Nh2+ Kg3 55. Nf1+ Kf2 56. Nh2 Kg2 57. Ng4 Kg3 58. Kf5 Nd4+ 59. Kg5 Ne6+ 60. Kf5 Nxc5 61. Ne3 Nd3 62. Nf1+ Kf2 63. Nh2 Nc1 64. Kg4 Nxa2 65. Kxh3 b3 0-1

[Event "Bayern-ch Seniors 21st"]
[Site "Bergen"]
[Date "2009.06.22"]
[Round "3"]
[White "Lutz, Albert"]
[Black "Lieber, Helmut"]
[Result "1-0"]
[WhiteElo "2058"]
[BlackElo "1850"]
[PlyCount "93"]
[EventDate "2009.06.20"]
[EventType "swiss"]
[EventRounds "9"]
[EventCountry "GER"]
[SourceTitle "EXT 2015"]
[Source "ChessBase"]
[SourceDate "2014.11.20"]
[SourceVersion "1"]
[SourceVersionDate "2014.11.20"]
[SourceQuality "1"]

1. Nf3 c5 2. c4 Nc6 3. g3 g6 4. Bg2 Bg7 5. 0-0 d6 6. Nc3 e6 7. d3 Nge7 8. Bf4 0-0 9. Qc1 b6 10. Bh6 Bb7 11. a3 Qc7 12. Bxg7 Kxg7 13. b4 Nf5 14. Qb2 Kg8 15. e3 Rad8 16. g4 Nfe7 17. Ne4 e5 18. g5 Nf5 19. Nf6+ Kg7 20. Nd5 Qb8 21. Rab1 h6 22. gxh6+ Kxh6 23. Qd2 Kg7 24. Ng5 Nce7 25. e4 Nxd5 26. exf5 Nf4 27. Be4 Bxe4 28. dxe4 gxf5 29. exf5 Rg8 30. Ne4 f6 31. Kh1 Kf7 32. Rg1 Qb7 33. f3 Qd7 34. Rxg8 Kxg8 35. Rg1+ Kf7 36. Rd1 Ke7 37. Ng3 d5 38. Qe1 d4 39. bxc5 bxc5 40. Qa5 Rc8 41. Ne4 Qc7 42. Qa6 Qc6 43. Qxa7+ Rc7 44. Qa5 Rb7 45. Rg1 Nh5 46. Qa8 Qb6 47. Qh8 1-0

[Event "GER Seniors Derby 03rd"]
[Site "Undeloh"]
[Date "2004.04.16"]
[Round "4"]
[White "Lieber, Helmut"]
[Black "Bondick, Karl Heinz"]
[Result "0-1"]
[WhiteElo "1884"]
[BlackElo "2121"]
[PlyCount "38"]
[EventDate "2004.04.15"]
[EventType "swiss"]
[EventRounds "7"]
[EventCountry "GER"]
[SourceTitle "EXT 2006"]
[Source "ChessBase"]
[SourceDate "2005.11.24"]
[SourceVersion "1"]
[SourceVersionDate "2005.11.24"]
[SourceQuality "1"]

1. d4 d5 2. e4 dxe4 3. Nc3 Nf6 4. f3 exf3 5. Nxf3 Bf5 6. Bc4 e6 7. Bg5 Be7 8. Qe2 c6 9. 0-0 0-0 10. Rad1 Nbd7 11. Ne5 Nxe5 12. Qxe5 Ng4 13. Bxe7 Nxe5 14. Bxd8 Nxc4 15. Bg5 h6 16. Bf4 Bxc2 17. Rc1 Bg6 18. Rf2 Rad8 19. b3 Nd6 0-1